Úspech alebo zlyhanie presahuje hranice štátov

Rozhovor uskutočnený na konferencii Národnej banky Slovenska a Európskeho orgánu pre poisťovníctvo a dôchodkové poistenie zamestnancov (EIOPA) s jej predsedom, Gabrielom Bernardinom.

Guardado en:
Detalles Bibliográficos
Autor principal: Bernardino, Gabriel
Formato: Capítulo de libro
Lenguaje:eslovaco
Materias:
Etiquetas: Agregar Etiqueta
Sin Etiquetas, Sea el primero en etiquetar este registro!

MARC

LEADER 00000naa a2200000 4500
001 0190692
005 20221104123301.9
041 0 |a slo 
044 |a SK 
245 1 0 |a Úspech alebo zlyhanie presahuje hranice štátov  |c Gabriel Bernardino 
520 |a Rozhovor uskutočnený na konferencii Národnej banky Slovenska a Európskeho orgánu pre poisťovníctvo a dôchodkové poistenie zamestnancov (EIOPA) s jej predsedom, Gabrielom Bernardinom. 
610 2 0 |a rozhovor 
610 2 0 |a poisťovníctvo 
610 2 0 |a poisťovne 
610 2 0 |a zmluvy poistné 
610 2 0 |a trh poistný 
610 2 0 |a poistenie dôchodkové 
610 2 0 |a právo poistné 
610 2 0 |a solventnosť 
100 1 |a Bernardino, Gabriel